Logo BPK

Biblioteka

Politechniki Koszalińskiej

Programowanie grafiki w języku Clipper 87 i 5.0 (5.01) / (Rekord nr 5698)

Szczegóły MARC
000 -ETYKIETA REKORDU
podpole kontrolne o stałej długości 00637nam a2200217 i 4500
001 - NUMER KONTROLNY REKORDU
pole kontrolne bg
020 ## - MIĘDZYNARODOWY ZNORMALIZOWANY NUMER KSIĄŻKI - ISBN
ISBN 8385455205
040 ## - ŹRÓDŁO KATALOGOWANIA
Instytucja, która utworzyła rekord BPK
041 ## - KOD JĘZYKA
Kod języka tekstu pol
080 ## - UNIWERSALNA KLASYFIKACJA DZIESIĘTNA - UKD
UKD 519.682:741/744:681.322.06
920 ## - Międzynarodowy znormalizowany numer książki – ISBN
ISBN 83-85455-20-5
008 - POLE O STAŁEJ DŁUGOŚCI - DANE KONTROLNE
podpole kontrolne o stałej długości s pl f |000 0 pol
100 1# - NAZWA OSOBOWA
Nazwa osobowa GOETZENDORF-GRABOWSKI, Tomasz
245 #0 - TYTUŁ/ODPOWIEDZIALNOŚĆ
Tytuł Programowanie grafiki w języku Clipper 87 i 5.0 (5.01) /
Pozostałe elementy strefy tytułu i oznaczenia odpowiedzialności Tomasz Goetzendorf-Grabowski, Robert Kozłowski.
260 ## - STREFA ADRESU WYDAWNICZEGO
Miejsce wydania Warszawa :
Nazwa wydawcy/dystrybutora Lynx-SFT,
Data publikacji, dystrybucji/powstania dokumentu 1993.
300 ## - STREFA OPISU FIZYCZNEGO
Objętość 152 s. :
Inne cechy fizyczne rys. ;
Rozmiary 24 cm +
Dokument towarzyszący dyskietka.
650 #9 - HASŁO PRZEDMIOTOWE W FORMIE NAZWY OGÓLNEJ LUB JEDNOSTKOWEJ
Nazwa ogólna lub geograficzna Clipper
655 ## - TERMIN INDEKSOWY - OKREŚLENIE RODZAJU/FORMY DOKUMENTU
Określenie rodzaju/formy dokumentu Podręczniki
700 1# - HASŁO DODATKOWE - NAZWA OSOBOWA
Nazwa osobowa KOZŁOWSKI, Robert
856 ## - LOKALIZACJA I DOSTĘP DO ELEKTRONICZNYCH DOKUMENTÓW ZDALNYCH
Link (URL) http://koha.tu.koszalin.pl/cgi-bin/koha/opac-detail.pl?biblionumber=5698
Tekst linku Katalog online BPK
942 ## - DODATKOWE ELEMENTY (KOHA)
Typ dokumentu Książka
Egzemplarze
Wycofany Status egzemplarza Uszkodzony Dostępność Lokalizacja stała Lokalizacja bieżąca Miejsce przechowywania Sygnatura Kod kreskowy Typ dokumentu
      Dostępny Biblioteka Politechniki Koszalińskiej Biblioteka Politechniki Koszalińskiej Wypożyczalnia BG P 45194 01590791 Książka
      Dostępny Biblioteka Politechniki Koszalińskiej Biblioteka Politechniki Koszalińskiej Wypożyczalnia BG P 46920 01351101 Książka
© 2023 Biblioteka Politechniki Koszalińskiej :: KOHA